Hacia una teología de la producción (segunda parte y final) /
সংরক্ষণ করুন:
| প্রধান লেখক: | |
|---|---|
| বিন্যাস: | পাঠ্য |
| ভাষা: | Spanish |
| বিষয়গুলি: | |
| ট্যাগগুলো: |
ট্যাগ যুক্ত করুন
কোনো ট্যাগ নেই, প্রথমজন হিসাবে ট্যাগ করুন!
|
MARC
| LEADER | 00000 a a2200000 04500 | ||
|---|---|---|---|
| 001 | 18044 | ||
| 003 | cru CIDCACS/IIS | ||
| 005 | 20191126103947.0 | ||
| 008 | 191126b ||||| |||| 00| 0 spa d | ||
| 999 | |c 42641 |d 42641 | ||
| 040 | |c cru CIDCACS/IIS | ||
| 100 | |a Dussel, Enrique | ||
| 245 | 1 | |a Hacia una teología de la producción (segunda parte y final) / |c E. Dussel | |
| 300 | |a páginas 199-200 | ||
| 650 | |a PRODUCTIVIDAD | ||
| 650 | |a TRABAJO | ||
| 650 | |a ECONOMIA | ||
| 650 | |a PETROLEO | ||
| 942 | |2 ddc |c PP | ||
| 773 | 0 | |0 42391 |9 3899 |a Agencia Latinoamericana de Información, ALAI |d Quito, Ecuador: ALAI |o 04436 |t ALAI: |x 08275564 (Servicio mensual de información y documentación) | |
